000
00343pam a2200157a 44500
008
230515b2016 xxu||||| |||| 00| 0 eng d
020
_a
9788121906548
041
_a
ENGLISH
082
_a
621.1/KHU
100
_a
KHURMI,GUPTA
245
_a
STEAM TABLE
250
_a
0
260
_a
DEHLI
_b
S .CHAND
_c
2016
300
_a
24
650
_a
NULL
999
_c
611956
_d
611956